Výmer MF SR č. 7/55/92.

Výmer Ministerstva financií, ktorým sa s účinnosťou od 1.1.1993 stanovujú maximálne ceny výkonov v primárnej a špecializovanej ambulantnej starostlivosti a v lôžkovej starostlivosti v nemocniciach a odborných liečebných ústavoch.

Salvato in:
Dettagli Bibliografici
Natura: Capitolo di libro
Lingua:slovacco
Soggetti:
Tags: Aggiungi Tag
Nessun Tag, puoi essere il primo ad aggiungerne!!

MARC

LEADER 00000naa a2200000 4500
001 r012100
005 20220826095029.4
041 0 |a slo 
044 |a SK 
245 1 0 |a Výmer MF SR č. 7/55/92. 
520 |a Výmer Ministerstva financií, ktorým sa s účinnosťou od 1.1.1993 stanovujú maximálne ceny výkonov v primárnej a špecializovanej ambulantnej starostlivosti a v lôžkovej starostlivosti v nemocniciach a odborných liečebných ústavoch. 
610 2 0 |a zdravotníctvo 
610 2 0 |a ceny 
610 2 0 |a starostlivosť zdravotná 
610 2 0 |a nemocnice 
610 2 0 |a ústavy liečebné 
610 2 0 |a Slovensko 
610 2 0 |a 1993